|
|
|
|
| LEADER |
02768nam a2200445 4500 |
| 001 |
000014036 |
| 005 |
20260217124055.0 |
| 008 |
190509s1907 xo e hun |
| FMT |
|
|
|
| 040 |
|
|
|a SVKKK
|b slo
|c SVKKK
|e AACR2
|
| 041 |
0 |
|
|a hun
|
| 044 |
|
|
|a xo
|c SK
|
| 080 |
|
|
|a 636.92
|
| 080 |
|
|
|a (035)
|
| 100 |
1 |
|
|a Monostori, Károly
|d 1852-1917
|4 aut
|
| 245 |
1 |
2 |
|a A Házinyultenyésztés Alapvonalai
|b A Kisgazdák Szükségleteihez Mérve Irta És 24 Ábrával Ellátta Monostori Károly A M. Kir. Állatorvosi Főiskolán Az Állattenyésztés Nyilvános Rendes Tanára. (Szerző Kétezerötszázadik Szakmunkája.)
|
| 260 |
|
|
|a Kassa,
|b Kiadja: Vitéz A. Gazdasági Szakkönyvkereskedése
|c 1907
|a (Kassa)
|b (Nyomatott Vitéz A. Ut. Könyv-, Kő- És Műnyomdájában)
|c (1907-1007)
|
| 300 |
|
|
|a 89,[1] s. 1/8-5/8,6/5 [=45] list.
|b 24 obr.
|c 8°. 23x15,5 cm
|
| 490 |
1 |
|
|a A Magyar Gazda Könyvtára
|v 30. kötet
|
| 500 |
|
|
|a Linky ozdobné, v texte nesignov. obr., tlač. pozn. pod textom v jaz. maď.
|
| 508 |
|
|
|a Na s. 3-5 úvod autora v závere s textom "Budapest, 1907. aug."
|
| 510 |
4 |
|
|a Magyar könyvészet 1901-1910 II/185; OSZK.
|
| 561 |
|
|
|a Peč.: Štátna vedecká knižnica v Košiciach; M. Kir. II. Rákóczi Ferenc Középfoku Gazdasági Tanintézet Könyvtára Kassa 1939; M. Kir. II. Rákóczi Ferenc Középfoku Gazdasági Tanintézet Könyvtára Kassa 1939 Szakleltári szám: Szakcsoport szám: C 50. Tlač. exlibris: Könyvkötészet Buliczka Telefon 20-36.
|
| 550 |
|
|
|a Tlačiareň z ruba titl. listu
|
| 563 |
|
|
|a Previazaná - lepenka, čierno-sivý mramor. papier, chrbát a rohy čierne plátno, na pred. dosku nalepená pred. obálka pôvod. brož. väzby, sivý papier s rámcovou ornam.-link. výzd. a s textom "A Magyar Gazda Könyvtára Kiadja Vitéz A. Kassán. XXX. Kötet. A Házinyultenyésztés Alapvonalai A Kisgazdák Szükségleteihez Mérve Irta És 24 Ábrával Ellátta Monostori Károly A M. Kir. Állatorvosi Főiskolán Az Állattenyésztés Nyilvános Rendes Tanára. (Szerző Kétezerötszázadik Szakmunkája.) Kiadja Vitéz A. Gazdasági Szakkönyvkereskedése Kassa 1907. Bolti ára 2 korona 40 fillér. A boriték 3. és 4. oldalát szives figyelmébe ajánlom."
|
| 653 |
1 |
|
|a zoológia
|
| 653 |
1 |
|
|a domáce králiky
|
| 653 |
1 |
|
|a chov
|
| 653 |
1 |
|
|a príručky
|
| 700 |
1 |
|
|a Monostori, Károly
|d 1852-1917
|4 aui
|
| 710 |
1 |
|
|a Buliczka, Eduard,
|d 1845-1907
|c Košice
|4 bnd
|
| 710 |
0 |
|
|a Vitéz, Anton Adolf,
|c Košice,
|d 1900-1919
|4 pbl
|4 prt
|
| 710 |
0 |
|
|a knižnice - Vyššia poľnohospodárska škola
|c Košice
|4 sgn
|
| 752 |
|
|
|a Slovensko
|d Košice
|
| 852 |
|
|
|p IV.41457
|
| 904 |
|
|
|a z---y----kb------yyya-1001--
|
| 905 |
|
|
|a dfgb0bb-
|5 -------
|
| 910 |
|
|
|a svkkk
|
| 998 |
|
|
|a KASSA
|
| BAS |
|
|
|